Aprendiendo sobre el sida. (Record no. 85618)
[ view plain ]
| 000 -CABECERA | |
|---|---|
| campo de control de longitud fija | 00979ngm a2200169 a 4500 |
| 005 - FECHA Y HORA DE LA ÚLTIMA TRANSACCIÓN | |
| campo de control | 20240113063627.0 |
| 008 - ELEMENTOS DE LONGITUD FIJA--INFORMACIÓN GENERAL | |
| campo de control de longitud fija | 010918s1980 mx 020 aaspa d |
| 035 ## - NÚMERO DE CONTROL DEL SISTEMA | |
| Número de control de sistema | UPN01000111710 |
| 049 ## - COLECCIÓN | |
| Colección | AV |
| 050 #4 - SIGNATURA TOPOGRÁFICA DE LA BIBLIOTECA DEL CONGRESO | |
| Número de clasificación | PVI R 1150 |
| 245 00 - MENCIÓN DE TÍTULO | |
| Título | Aprendiendo sobre el sida. |
| 260 ## - PUBLICACIÓN, DISTRIBUCIÓN, ETC. | |
| Lugar de publicación, distribución, etc. | México : |
| Nombre del editor, distribuidor, etc. | Películas Ebesa [distribuidor], |
| Fecha de publicación, distribución, etc. | [198-?]. |
| 300 ## - DESCRIPCIÓN FÍSICA | |
| Extensión | 1 videocasete (VHS) (20 min.) : |
| Otras características físicas | son., col. |
| 520 ## - NOTA DE RESUMEN, ETC. | |
| Sumario, etc. | "La investigación muestra que el comportamiento es uno de los factores más importantes en determinar la posibilidad de adquirir y propagar el virus del SIDA. Con una educación apropiada, el riesgo de adquirir y propagar la enfermedad, puede reducirse en gran parte. El programa intenta explicar por qué la educación ayuda a dirigir con sensibilidad algunos, de los muchos y complejos, argumentos de moralidad, religión y necesidades básicas humanas que se producen cuando se discute sobre el SIDA" |
| 650 #4 - ASIENTO SECUNDARIO DE MATERIA - TERMINO TEMATICO | |
| Término de materia o nombre geográfico como elemento de entrada | SIDA |
| Subdivisión general | Prevención |
| 9 (RLIN) | 12138 |
| 905 ## - TIPO DE MATERIAL | |
| Tipo de material | Audiovisuales |
| Estado de retiro | Estado de pérdida | Fuente del sistema de clasificación o colocación | Estado dañado | No para préstamo | Código de colección | Localización permanente | Ubicación/localización actual | Ubicación en estantería | Total de préstamos | Clasificación | Código de barras | Fecha visto por última vez | Número de copia | Tipo de ítem Koha |
|---|---|---|---|---|---|---|---|---|---|---|---|---|---|---|
| Library of Congress Classification | Audiovisuales | Bib. Gregorio Torres Quintero | Bib. Gregorio Torres Quintero | Audiovisual | PVI R 1150 | 168876 | 31/12/2020 | 1 | Videocasete |
